|
|
|
|
| LEADER |
01216nam a22003017a 4500 |
| 001 |
mzk03001223642 |
| 003 |
CZ BrMZK |
| 005 |
20160125143122.0 |
| 007 |
ta |
| 008 |
140307s1726 gw f |||| 0 ger d |
| 040 |
|
|
|a BOA001
|b cze
|c BOA001
|
| 072 |
|
7 |
|a 094
|x Staré tisky
|2 Konspekt
|9 12
|
| 080 |
|
|
|a (0.068)094
|2 MRF
|
| 100 |
1 |
|
|a Richter, August
|4 aut
|
| 245 |
1 |
4 |
|a Der auf neue Manier abgefaßte und Expedite Rechnungs-Beamte, oder: Gründliche Anleitung, Auf was Weise man sich Bey denen Rechnungs-Verwaltungen in ein- und andern Vorfallenheiten mit Einführung nutzlicher Ordnung zu verhalten habe, ... /
|c Auß eigener Erfahrung zusammen getragen und dem Publico zum besten verfasset von August Richtern ...
|
| 260 |
|
|
|a Franckfurth ;
|a u. Leipzig :
|b Joh. Conr. Wohler Buchh. in Ulm,
|c 1726
|
| 300 |
|
|
|a [10], 125, [9] s. ;
|c 8°
|
| 510 |
3 |
|
|a BVB (Bibliotheks-Verbund Bayern)
|
| 655 |
|
7 |
|a staré tisky
|7 fd422076
|2 czenas
|
| 903 |
|
|
|a RP
|
| 910 |
|
|
|a BOE452
|b Mn
|
| 978 |
|
|
|b Wohler, Johann Konrad
|a Frankfurt a.M.
|c 1726
|
| 978 |
|
|
|b Wohler, Johann Konrad
|a Leipzig
|c 1726
|
| 984 |
|
|
|a Frankfurt nad Mohanem
|b Německo
|
| 984 |
|
|
|a Lipsko
|b Německo
|
| 985 |
|
|
|a 1701-1750
|
| 990 |
|
|
|a BK
|
| 991 |
|
|
|k minorite
|